Educational Research in Indian Universities (Record no. 31399)

MARC details
000 -LEADER
fixed length control field 01160cam a22002775a 4500
005 - DATE AND TIME OF LATEST TRANSACTION
control field 20091103014612.0
008 - FIXED-LENGTH DATA ELEMENTS--GENERAL INFORMATION
fixed length control field 090911s2009 ii ab b 100 0 eng d
010 ## - LCCN (DPL NO)
LC control number ENG-95337
020 ## - INTERNATIONAL STANDARD BOOK NUMBER
International Standard Book Number 8176482285
Terms of availability 695.00
035 ## - SYSTEM CONTROL NUMBER
System control number EN-78870
037 ## - SOURCE OF ACQUISITION
Source of stock number/acquisition DBAD/PUB
040 ## - CATALOGING SOURCE
Original cataloging agency DPL
Language of cataloging eng
082 ## - DEWEY DECIMAL CLASSIFICATION NUMBER
Classification number 378.540072
100 ## - MAIN ENTRY--PERSONAL NAME
Personal name Venkataiah, N.
245 ## - TITLE STATEMENT
Title Educational Research in Indian Universities
Statement of responsibility, etc by N. Venkataiah
Remainder of title Misconceptions and Shortcominge /
260 ## - PUBLICATION, DISTRIBUTION, ETC. (IMPRINT)
Place of publication, distribution, etc New Delhi :
Name of publisher, distributor, etc APH Publishing Corporation
Date of publication, distribution, etc 2009
270 ## - ADDRESS
Address 4435-36/7. Ansari road, Darya Ganj
City New Delhi
Postal code 110002
300 ## - PHYSICAL DESCRIPTION
Extent xiii, 237 p.
Dimensions 22 cm. (Hb)
500 ## - GENERAL NOTE
General note Includes Index and bibliography
520 ## - SUMMARY, ETC.
Summary, etc Contributed articles.
610 ## - SUBJECT ADDED ENTRY--CORPORATE NAME
Corporate name or jurisdiction name as entry element College of Fort St. George (Madras, India)
651 ## - SUBJECT ADDED ENTRY--GEOGRAPHIC NAME
Geographic name Madras (India)
General subdivision Intellectual life
Chronological subdivision 19th century.
942 ## - ADDED ENTRY ELEMENTS (KOHA)
Source of classification or shelving scheme Dewey Decimal Classification
Item type English Books
Call number suffix VEN
Classification part 378.540072
Holdings
Withdrawn status Lost status Source of classification or shelving scheme Damaged status Not for loan Collection code Home library Current library Date acquired Source of acquisition Cost, normal purchase price Total Checkouts Full call number Barcode Date last seen Copy number Cost, replacement price Koha item type
    Dewey Decimal Classification   Not For Loan Non-fiction D.B.Act.Division D.B.Act.Division 05/11/2009 DBAD / PUB 695.00   378.540072 VEN EN-78870 05/11/2009 1 695.00 English Books

© Delhi Public Library
Hit Counter
free hit counter